| 000 | 00991nmc a2200361 a 4500 | ||
|---|---|---|---|
| 003 | AR-BaBNM | ||
| 005 | 20251128204348.0 | ||
| 008 | 295019s1990 ||||||||||||||000 | spa|| | ||
| 020 | _a950-737-035-7 | ||
| 040 | _cAR-BaBNM | ||
| 100 | 1 | _aAnzorena, Oscar | |
| 245 | 1 | 0 |
_aDar en la tecla _blos pibes hacen periodismo |
| 260 |
_aBuenos Aires _bCoquena Grupo Editor _c1990 |
||
| 300 | 0 |
_a112 p. _bil. |
|
| 490 | 0 | _aApuntes | |
| 504 | _aBibliografía p-111 | ||
| 650 | 4 | _aENSENANZA DE LAS CIENCIAS SOCIALES | |
| 650 | 4 | _aPERIODISMO | |
| 650 | 4 | _aTALLERES ESCOLARES | |
| 650 | 4 | _aNOTICIAS PERIODISTICAS | |
| 650 | 4 | _aCOMPOSICION LITERARIA | |
| 650 | 4 | _aPERIODICOS | |
| 650 | 4 | _aPRENSA | |
| 650 | 4 | _aACTIVIDADES EN GRUPO | |
| 650 | 4 | _aACTIVIDADES DE APRENDIZAJE | |
| 650 | 4 | _aOBJETIVOS EDUCACIONALES | |
| 650 | 4 | _aCOMUNICACION | |
| 700 | 1 | _aBurin, David | |
| 700 | 1 | _aGarff, Juan | |
| 800 | 1 |
_aDíaz Rönner, María Adelia _edirector |
|
| 942 | _cBK | ||
| 998 | _cCarmen | ||
| 999 |
_c7162 _d7162 |
||